000 00885nam a22002897a 4500
001 5202
003 FISKH
005 20250331112624.0
008 241119b cb ||||| |||| 00| 0 eng d
040 _aFISKH
_beng
_cFISKH
_dFISKH
050 _aPZ7.P219
082 _a823.9
100 _aParish, Peggy
_d(1927–1988)
245 _aCome back, Amelia Bedelia
_cStory by Peggy Parish Pictures by Wallace Tripp
250 _a1971
260 _aNew York :
_bHarperCollins,
_c1971.
300 _a64 pages :
_bColor illustrations ;
_c23 cm
505 _aJ
520 _aBecause she does exactly as she is told, Amelia Bedelia is fired from one job after another.
521 8 _a430L
_bLexile
521 8 _aJ
_bRaz-Plus
650 _2Easy reader
_aFiction
650 _2Following directions
700 _aTripp, Wallace
_dIllustrator
942 _2ddc
_cBK
_n0
999 _c5202
_d5202